00473nam a2200193 a 4500001001300000003000900013005001700022008004100039020001000080082001600090100002200106245002000128260003300148300000900181500003500190505001000225650002200235700002200257nice12345678IN_TiNIC20260116011522.0050524s0000 lona grp 000 0 eng  ac10000a297.63bBOU aBoulainvilliers,  aLife of Mahomet aLondonbW. Hinchcliffec0000 a400p aincludes index and biblioraphy2 aIndex aMuhammad, Prophet1 aBoulainvilliers,